Geography Quiz

Random Geography or City Quiz
Score 0/21 Timer 10:00
0 Plays Today
Cryptogram City % Correct
DUF QPGWNew York
96%
KTI JUMTILas Vegas
92.7%
IUTSSKUSeattle
92%
TSKTDSTAtlanta
91.8%
IS. BTAKSt. Paul
91.1%
ITKS KTWU LHSQSalt Lake City
90.9%
LNHLTMPChicago
90.4%
RPISPDBoston
87.6%
PETNTOmaha
87.3%
CUSGPHSDetroit
85.7%
IUCPDTSedona
85%
Cryptogram City % Correct
LKUJUKTDCCleveland
83.3%
RTSPD GPAMUBaton Rouge
81.5%
MGTDC GTBHCIGrand Rapids
80.8%
XADUTAJuneau
75.3%
BNPUDHZPhoenix
74.9%
XTLWIPDJHKKUJacksonville
74.7%
BHSSIRAGMNPittsburgh
74.4%
RTKSHEPGUBaltimore
74.2%
GPLW NHKKRock Hill
74.2%
MAKOBPGSGulfport
71.8%
Come Together.
Have Fun.
All Virtual.
We all need to come together. Play Sporcle's virtual live trivia to have fun, connect with people, and get your trivia on. Join a live hosted trivia game for your favorite pub trivia experience done virtually. If a virtual private party is more your thing, go here for details.

You're not logged in!

Compare scores with friends on all Sporcle quizzes.
OR
Log In

Sporcle TV

Today on Sporcle TV


Watch our educational content, quiz creation guides, and fun videos on Sporcle TV.

Show Comments

Extras

Created Feb 18, 2011ReportNominate
Tags:City Quiz, Cryptogram

Top Quizzes Today


Score Distribution

Paid Content

Your Account Isn't Verified!

In order to create a playlist on Sporcle, you need to verify the email address you used during registration. Go to your Sporcle Settings to finish the process.

Report this User

Report this user for behavior that violates our Community Guidelines.

Details: